01323cam a22002897i 45000010005000000030008000050050017000130080041000300350023000710350018000940350017001120400032001290410008001610820021001690990015001901000026002052450252002312600041004833000021005244900065005456500035006108300074006459420012007199990015007319520145007469520142008915343BD-RjUL20211208234042.0131224s1952 xxk 000 0 eng d a(OCoLC)ocm30200786 a(BD-RjUL)5379 a(NNC)2080215 aUKMcUKMdZCUdBD-RjULbeng aeng04a365.941218bFOE a339.7aF831 aFox, Lionel W.91679114aThe English prison and Borstal system :ban account of the prison and Borstal systems in England and Wales after the Criminal Justice Act 1948, with historical introduction and a examination of the principles of imprisonment as a legal punishment. bRoutledge & K Paul,c1952.aLondon : a479 p. ;c23 cm.1 aInternational library of sociology and social reconstruction aPrisonszGreat Britain9179499 0aInternational library of sociology and social reconstruction.9170562 2ddccBK c5343d5343 00102ddc40718NFICaRUCLbRUCLcstackd0000-00-00eU. S. I. D. Dacca, giftl0o365.941 FOE 1952r2013-12-24 00:00:00tC-1w2013-12-24yBK 00102ddc40708NFICaRUCLbRUCLcStackd1955-09-21eB.H. Blackwellg1.00l0o365.941 FOE 1952r2016-12-29 00:00:00tC-2w2021-12-08yBK